Débuts : (Record no. 35499)

MARC details
000 -LEADER
fixed length control field 01235cam a22003134a 4500
001 - CONTROL NUMBER
control field 12403479
003 - CONTROL NUMBER IDENTIFIER
control field OSt
005 - DATE AND TIME OF LATEST TRANSACTION
control field 20220608143153.0
008 - FIXED-LENGTH DATA ELEMENTS--GENERAL INFORMATION
fixed length control field 010509s2003 mauab 001 0 eng
010 ## - LIBRARY OF CONGRESS CONTROL NUMBER
LC control number 2001034554
020 ## - INTERNATIONAL STANDARD BOOK NUMBER
International Standard Book Number 0072897546 (student's edition : acidfree paper)
020 ## - INTERNATIONAL STANDARD BOOK NUMBER
International Standard Book Number 0072897554 (instructor's edition : acidfree paper)
040 ## - CATALOGING SOURCE
Original cataloging agency DLC
Transcribing agency HU
Modifying agency DLC
041 0# - LANGUAGE CODE
Language code of text/sound track or separate title engfre
042 ## - AUTHENTICATION CODE
Authentication code pcc
050 00 - LIBRARY OF CONGRESS CALL NUMBER
Classification number PC2129.E5
Item number S546 2003
082 00 - DEWEY DECIMAL CLASSIFICATION NUMBER
Classification number 448.2/421 SIS 2003
Edition number 21
100 1# - MAIN ENTRY--PERSONAL NAME
Personal name Siskin, H. Jay.
9 (RLIN) 36917
245 10 - TITLE STATEMENT
Title Débuts :
Remainder of title an introduction to French /
Statement of responsibility, etc. H. Jay Siskin, Ann Williams-Gascon, Thomas T. Field.
260 ## - PUBLICATION, DISTRIBUTION, ETC.
Place of publication, distribution, etc. Boston :
Name of publisher, distributor, etc. McGraw-Hill,
Date of publication, distribution, etc. c2003.
300 ## - PHYSICAL DESCRIPTION
Extent xxxiii, 482, 58 p. :
Other physical details col. ill., col. maps ;
Dimensions 27 cm.
500 ## - GENERAL NOTE
General note Includes index.
650 #0 - SUBJECT ADDED ENTRY--TOPICAL TERM
Topical term or geographic name entry element French language
Form subdivision Textbooks for foreign speakers
General subdivision English.
9 (RLIN) 18391
700 1# - ADDED ENTRY--PERSONAL NAME
Personal name Williams-Gascon, Ann.
9 (RLIN) 36918
700 1# - ADDED ENTRY--PERSONAL NAME
Personal name Field, Thomas T.
9 (RLIN) 36919
906 ## - LOCAL DATA ELEMENT F, LDF (RLIN)
a 7
b cbc
c orignew
d 1
e ocip
f 20
g y-gencatlg
942 ## - ADDED ENTRY ELEMENTS (KOHA)
Source of classification or shelving scheme Dewey Decimal Classification
Koha item type Books like text book referance book
Suppress in OPAC No
Holdings
Withdrawn status Lost status Source of classification or shelving scheme Damaged status Not for loan Collection code Home library Current library Shelving location Date acquired Total Checkouts Full call number Barcode Date last seen Copy number Price effective from Koha item type
    Dewey Decimal Classification     Reference Wondo Genet Library Wondo Genet Library General Stacks 06/08/2022   448.2/421 SIS 2003 WGCFNRL00020128 06/08/2022 1 06/08/2022 Books like text book referance book